Statistics for 2011 Song Lyrics

Click here to take the quiz!

General Stats

  • This quiz has been taken 6,020 times
    (6,010 since last reset)
  • The average score is 4 of 12

Answer Stats

Hint Answer % Correct
'I heard that you settled down, that you found a girl and you're married now'.Someone Like You
84%
'I smell like a mini bar, DJ's passed out in the yard'.Last Friday Night
63%
'I may be bad, but I'm perfectly good at it'.S & M
57%
'Why is everybody so obsessed, money can't buy yous happiness'.Price Tag
50%
'Yellow diamonds in the light, now we're standing side by side'.We Found Love
40%
'Tell the devil I said hey, when you get back to where you're from'.Grenade
35%
'They sell love for a couple grand, it's too cold outside, for angels to fly'.The A Team
34%
'Come on and try to tear me down, I will be rising from the ground'.Skyscraper
31%
'My persuasion, could build a nation'.Run The World
13%
'Just get in the car, you can ride it wherever you want'.Moves Like Jagger
12%
'Biscuit tin got your tongue tied in knots, I see'.Till The World Ends
5%
'Another shot before we hit the other side, tonight .'The Edge Of Glory
4%

Score Distribution

Percentile by Number Answered

Percent of People with Each Score

Your Score History

You have not taken this quiz since the last reset